| 000 | 00000nam 2200000za 4500 |
| 001 | 9.677145 |
| 003 | CaOODSP |
| 005 | 20221107134411 |
| 007 | cr ||||||||||| |
| 008 | 160415s2014 xxc|||||o f|0| 0 fre d |
| 020 | |a978-0-660-22128-1 |
| 040 | |aCaOODSP|bfre |
| 043 | |an-cn--- |
| 086 | 1 |aEn106-127/2014F-PDF |
| 110 | 1 |aCanada. |bAgence canadienne d'évaluation environnementale. |
| 245 | 10|aRapport de la commission d'examen conjoint |h[ressource électronique] : |bprojet d'énergie propre du site C, BC Hydro and Power Authority, Colombie-Brittanique. |
| 260 | |aOttawa : |bAgence canadienne d'évaluation environnementale, |c2014. |
| 300 | |axiii, 585 p.|bcartes, tableaux, figs. |
| 500 | |aMai 2014. |
| 500 | |aPublié aussi en anglais sous le titre : Report of the Joint Review Panel - Site C Clean Energy Project. |
| 775 | 08|tReport of the Joint Review Panel : |w(CaOODSP)9.699289 |
| 856 | 40|qPDF|s14.60 MB|uhttps://publications.gc.ca/collections/collection_2016/acee-ceaa/En106-127-2014-fra.pdf |